Fonds régionaux d'art contemporain (FRAC) - Statistiques

Statistiques générales
  • Ce quiz a été pris 13 fois
  • Le résultat moyen est 11 sur 22
Statistiques - réponses
FRAC Ville % Correct
FRAC Île-de-France Paris
100%
FRAC Sud - Cité de l’art contemporain Marseille
92%
FRAC Bourgogne Dijon
85%
FRAC Occitanie Montpellier Montpellier
85%
FRAC Bretagne Rennes
85%
FRAC Normandie Caen/Sotteville-lès-Rouen
77%
FRAC Auvergne Clermont-Ferrand
77%
FRAC Nouvelle-Aquitaine MÉCA Bordeaux
69%
FRAC Champagne-Ardenne Reims
62%
FRAC Centre-Val de Loire Orléans
54%
Les Abattoirs Toulouse
54%
49 Nord 6 Est Metz
46%
FRAC Picardie Amiens
31%
FRAC Franche-Comté Besançon
31%
FRAC-Artothèque Nouvelle-Aquitaine Limoges
31%
FRAC Poitou-Charentes Angoulême
23%
FRAC Corsica Corte
23%
FRAC Alsace Sélestat
23%
Institut d'art contemporain (IAC) Villeurbanne
15%
Grand Large Dunkerque
8%
FRAC Réunion Saint-Leu
8%
FRAC des Pays de la Loire Carquefou
0%
Aucun quiz correspondant
Distribution des résultats
% des personnes avec chaque résultat
Percentile par nombre de réponses
Votre historique - résultats
Vous n’avez pas pris ce quiz